The Lorenz equations: bifurcations, chaos, and strange attractors
Salvato in:
| Autore principale: | |
|---|---|
| Natura: | Libro |
| Lingua: | inglese |
| Pubblicazione: |
Nueva York
Springer-Verlag
1982
|
| Serie: | Applied Mathematical Sciences, 41
|
| Soggetti: | |
| Tags: |
Aggiungi Tag
Nessun Tag, puoi essere il primo ad aggiungerne!!
|
MARC
| LEADER | 00000nam a2200000 a 4500 | ||
|---|---|---|---|
| 001 | UCP3392 | ||
| 003 | CL-VaPUC | ||
| 008 | 990618e19820000US |||||||||||||||||eng|d | ||
| 082 | 0 | 4 | |a 515.352 |b SPA |2 21 |
| 100 | 0 | |a Sparrow, Colin |e author |9 430622 | |
| 245 | 1 | 4 | |a The Lorenz equations: bifurcations, chaos, and strange attractors |
| 300 | |a 269 p | ||
| 942 | |c BK | ||
| 945 | |d 19990618 00:00:00 |a crobeson | ||
| 260 | |a Nueva York |b Springer-Verlag |c 1982 | ||
| 650 | 7 | |a ECUACIONES DE LORENZ |2 CL-VaPUC |9 430623 | |
| 650 | 7 | |a TEORIA DE LA BIFURCACION |2 CL-VaPUC |9 269963 | |
| 650 | 0 | |a Teoría del caos |9 430624 | |
| 650 | 0 | |a Atractor extraño |9 430625 | |
| 583 | |a last modification |c 19990618 00:00:00 |k Rodrigo Vera | ||
| 490 | 0 | |a Applied Mathematical Sciences, 41 | |
| 999 | |c 281719 |d 281717 | ||